| 000 | 00381nam a2200145Ia 4500 | ||
|---|---|---|---|
| 008 | 130318s9999 xx 000 0 und d | ||
| 020 | _a712625984 | ||
| 082 | _a658.4 DOS/E | ||
| 100 | _aBossidy, Larry | ||
| 245 | _aExecution: The discipline of getting things done | ||
| 260 |
_bRandom House _aU.S.A _c2002 |
||
| 300 | _a278 | ||
| 650 | _aEXECUTIVE MANAGEMENT | ||
| 700 | _aCharan, Ram | ||
| 999 |
_c739 _d739 |
||